000 00363nam a22001097a 4500
999 _c15191
_d15191
008 200305b ||||| |||| 00| 0 eng d
245 _aPhilHealth welcomes new era of guaranteed access to quality care under Universal Health Care.
260 _aPhilippines;
_bManila Bulletin,
_c©2019.
300 _apage 7;
_c29.5cm.
650 _aHealth.
_941958
942 _2ddc
_cPER